Online
Catalog

Guía clínica de las enfermedades pediátricas prevalentes en República Dominicana / (Record no. 50542)

MARC details
000 -CABECERA
campo de control de longitud fija 00830nam a22002177a 4500
003 - IDENTIFICADOR DEL NÚMERO DE CONTROL
campo de control DO-SdBNP
005 - FECHA Y HORA DE LA ÚLTIMA TRANSACCIÓN
campo de control 20210916122316.0
007 - CAMPO FIJO DE DESCRIPCIÓN FÍSICA--INFORMACIÓN GENERAL
campo de control de longitud fija ta
008 - DATOS DE LONGITUD FIJA--INFORMACIÓN GENERAL
campo de control de longitud fija 210916e2019 dr a|||fr|||| 001 0 spa d
040 ## - FUENTE DE LA CATALOGACIÓN
Centro catalogador/agencia de origen DO-SdBNP
Lengua de catalogación spa
Centro/agencia transcriptor BNPHU
082 #4 - NÚMERO DE LA CLASIFICACIÓN DECIMAL DEWEY
Número de edición 22
Número de documento/Ítem G943c
245 10 - MENCIÓN DE TÍTULO
Título Guía clínica de las enfermedades pediátricas prevalentes en República Dominicana /
Mención de responsabilidad, etc. Alfre Cruz Hernández, comp.; Piero Espinal Estévez, ed.; Joy Vivoni, pról.
260 ## - PUBLICACIÓN, DISTRIBUCIÓN, ETC.
Lugar de publicación, distribución, etc. San José de las Matas, República Dominicana :
Nombre del editor, distribuidor, etc. OPUS,
Fecha de publicación, distribución, etc. 2019
300 ## - DESCRIPCIÓN FÍSICA
Extensión 493 p.:
Otras características físicas il, graf.;
Dimensiones 25 cm
500 ## - NOTA GENERAL
Nota general Incluye biografía del compilador en las cubiertas.
590 ## - NOTA LOCAL (RLIN)
Nota local Inventariado 2021 / MF
700 12 - PUNTO DE ACCESO ADICIONAL--NOMBRE DE PERSONA
Nombre de persona Cruz Hernández, Alfre ,
Fechas asociadas al nombre 1960
Término indicativo de función/relación comp.
9 (RLIN) 79913
700 12 - PUNTO DE ACCESO ADICIONAL--NOMBRE DE PERSONA
Nombre de persona Vivoni, Joy,
Término indicativo de función/relación pról.
9 (RLIN) 79914
700 12 - PUNTO DE ACCESO ADICIONAL--NOMBRE DE PERSONA
Nombre de persona Espinal Estévez, Piero,
Término indicativo de función/relación ed.
9 (RLIN) 3550
942 ## - ELEMENTOS DE PUNTO DE ACCESO ADICIONAL (KOHA)
Fuente del sistema de clasificación o colocación Dewey Decimal Classification
Tipo de ítem Koha Libro
Holdings
Estado de retiro Estado de pérdida Fuente del sistema de clasificación o colocación Restricciones de uso No para préstamo Código de colección Localización permanente Ubicación/localización actual Ubicación en estantería Fecha de adquisición Fuente de adquisición Total de préstamos Signatura topográfica completa Código de barras Fecha visto por última vez Precio válido a partir de Tipo de ítem Koha Número de copia
    Dewey Decimal Classification Préstamo en sala   Dominicana de Servicio Biblioteca Nacional Pedro Henríquez Ureña General Depósito 18.10.2019 Donado por Editora Búho   G943c 2021-26664 16.09.2021 16.09.2021 Libro y Folleto Colección Dominicana de Servicio e.3
    Dewey Decimal Classification Préstamo en sala   Dominicana de Servicio Biblioteca Nacional Pedro Henríquez Ureña General Depósito 15.07.2020 Donado por Editorial OPUS   G943c 2021-26665 16.09.2021 16.09.2021 Libro y Folleto Colección Dominicana de Servicio e.4
    Dewey Decimal Classification Préstamo en sala   Dominicana de Servicio Biblioteca Nacional Pedro Henríquez Ureña General Depósito 15.07.2020 Donado por Editorial OPUS   G943c 2021-26666 16.09.2021 16.09.2021 Libro y Folleto Colección Dominicana de Servicio e.5
    Dewey Decimal Classification Excluido de préstamo   Patrimonio Dominicano Biblioteca Nacional Pedro Henríquez Ureña Patrimonio Dominicano Depósito 18.10.2019 Donado por Editora Búho   G943c 2021-26662 16.09.2021 16.09.2021 Libro y Folleto Colección Patrimonio Dominicano  
    Dewey Decimal Classification Excluido de préstamo   Patrimonio Dominicano Biblioteca Nacional Pedro Henríquez Ureña Patrimonio Dominicano Depósito 18.10.2019 Donado por Editora Búho   G943c 2021-26663 16.09.2021 16.09.2021 Libro y Folleto Colección Patrimonio Dominicano e.2

Powered by Koha